Computational Intelligence in Engineering

This volume contains a careful selection of papers that are based on and are extensions of corresponding lectures presented at the jubilee conference. The main subject area called Computational Intelligence includes diverse topics. Therefore, we offer snapshots rather than a full coverage of a small...

Πλήρης περιγραφή

Λεπτομέρειες βιβλιογραφικής εγγραφής
Συγγραφή απο Οργανισμό/Αρχή: SpringerLink (Online service)
Άλλοι συγγραφείς: Rudas, Imre J. (Επιμελητής έκδοσης), Fodor, János (Επιμελητής έκδοσης), Kacprzyk, Janusz (Επιμελητής έκδοσης)
Μορφή: Ηλεκτρονική πηγή Ηλ. βιβλίο
Γλώσσα:English
Έκδοση: Berlin, Heidelberg : Springer Berlin Heidelberg, 2010.
Σειρά:Studies in Computational Intelligence, 313
Θέματα:
Διαθέσιμο Online:Full Text via HEAL-Link
LEADER 03930nam a22004935i 4500
001 978-3-642-15220-7
003 DE-He213
005 20151204155011.0
007 cr nn 008mamaa
008 101008s2010 gw | s |||| 0|eng d
020 |a 9783642152207  |9 978-3-642-15220-7 
024 7 |a 10.1007/978-3-642-15220-7  |2 doi 
040 |d GrThAP 
050 4 |a Q342 
072 7 |a UYQ  |2 bicssc 
072 7 |a COM004000  |2 bisacsh 
082 0 4 |a 006.3  |2 23 
245 1 0 |a Computational Intelligence in Engineering  |h [electronic resource] /  |c edited by Imre J. Rudas, János Fodor, Janusz Kacprzyk. 
264 1 |a Berlin, Heidelberg :  |b Springer Berlin Heidelberg,  |c 2010. 
300 |a IX, 350 p.  |b online resource. 
336 |a text  |b txt  |2 rdacontent 
337 |a computer  |b c  |2 rdamedia 
338 |a online resource  |b cr  |2 rdacarrier 
347 |a text file  |b PDF  |2 rda 
490 1 |a Studies in Computational Intelligence,  |x 1860-949X ;  |v 313 
505 0 |a Graphs of Grammars – Derivations as Parallel Processes -- MTTool Software Tool and Low Complexity Hardware for Mojette Transformation -- Network Statistics in Function of Statistical Intrusion Detection -- Congestion Forecast – A Societal Opportunity -- 3D-Based Internet Communication and Control -- Global, Camera-Based Localization and Prediction of Future Positions in Mobile Robot Navigation -- New Principles and Adequate Robust Control Methods for Artificial Pancreas -- Modern Control Solutions with Applications in Mechatronic Systems -- Adaptive Tackling of the Swinging Problem for a 2 DOF Crane – Payload System -- Robots as In-Betweeners -- Comparative Investigation of Various Evolutionary and Memetic Algorithms -- A Novel Approach to Solve Multiple Traveling Salesmen Problem by Genetic Algorithm -- Some Examples of Computing the Possibilistic Correlation Coefficient from Joint Possibility Distributions -- A Novel Bitmap-Based Algorithm for Frequent Itemsets Mining -- Neural Networks Adaptation with NEAT-Like Approach -- Incremental Rule Base Creation with Fuzzy Rule Interpolation-Based Q-Learning -- Protective Fuzzy Control of Hexapod Walking Robot Driver in Case of Walking and Dropping -- Survey on Five Fuzzy Inference-Based Student Evaluation Methods -- Fuzzy Hand Posture Models in Man-Machine Communication -- Computational Qualitative Economics -- A Spectral Projected Gradient Optimization for Binary Tomography -- Product Definition Using a New Knowledge Representation Method -- Incremental Encoder in Electrical Drives: Modeling and Simulation -- Real-Time Modeling of an Electro-hydraulic Servo System -- Mathematical Model of a Small Turbojet Engine MPM-20 -- Performance Prediction of Web-Based Software Systems -- Optimization in Fuzzy Flip-Flop Neural Networks. 
520 |a This volume contains a careful selection of papers that are based on and are extensions of corresponding lectures presented at the jubilee conference. The main subject area called Computational Intelligence includes diverse topics. Therefore, we offer snapshots rather than a full coverage of a small particular subject to the interested reader. This principle is also supported by the common national root of the authors. 
650 0 |a Engineering. 
650 0 |a Artificial intelligence. 
650 0 |a Computational intelligence. 
650 1 4 |a Engineering. 
650 2 4 |a Computational Intelligence. 
650 2 4 |a Artificial Intelligence (incl. Robotics). 
650 2 4 |a Engineering, general. 
700 1 |a Rudas, Imre J.  |e editor. 
700 1 |a Fodor, János.  |e editor. 
700 1 |a Kacprzyk, Janusz.  |e editor. 
710 2 |a SpringerLink (Online service) 
773 0 |t Springer eBooks 
776 0 8 |i Printed edition:  |z 9783642152191 
830 0 |a Studies in Computational Intelligence,  |x 1860-949X ;  |v 313 
856 4 0 |u http://dx.doi.org/10.1007/978-3-642-15220-7  |z Full Text via HEAL-Link 
912 |a ZDB-2-ENG 
950 |a Engineering (Springer-11647)